000 00726nam a2200217Ia 4500
001 1225
003 GE_BSU
008 181216s||||||||xx |||||||||||||| ||und||
040 _cGE_BSU
080 _a630(075.3)
100 _aაფციაური, შ. სეხნიაშვილი, ი.
245 _aსატყეო ტაქსაცია.
245 _bსახელმძღვანელო სატყეო ტექნიკუმებისათვის.
260 _aთბილისი.
260 _bგანათლება.
260 _c1968.
300 _a236 გვ. 25 სმ.
541 _h15ლ.
653 _aსატყეო ტაქსაცია.
942 _cBK
999 _c35372
_d35372